| 000 | 00904nam a2200265 a 4500 | ||
|---|---|---|---|
| 001 | 000010802 | ||
| 005 | 20200929162308.0 | ||
| 008 | 091012s2000 ag 001 0 spa d | ||
| 020 | _a9501500632 | ||
| 040 |
_aDO-SdBNP _bspa _cBNPHU |
||
| 041 | 1 | 7 |
_aspa _2eng |
| 082 |
_axxxx _bW516b |
||
| 100 | 1 |
_aWest, Morris _d[1916-] _926100 |
|
| 240 | 1 | 3 | _aThe clowns of God |
| 245 | 1 | 4 |
_aLos bufones de Dios / _cMorris West ; editor Javier Bergara ; traducción : Marta Cruz Coke de Lagos. |
| 260 |
_aBuenos Aires : _bB. Argentinas, _c2000. |
||
| 300 |
_a478 p. ; _c23 cm. |
||
| 500 | _aTexto traducido al español | ||
| 500 | _aIncluye datos biográficos del autor en la solapa | ||
| 500 | _aIncluye notas del autor en la (p. 7) | ||
| 534 |
_pTítulo original en inglés _tThe clowns of God |
||
| 700 | 1 |
_aBergara, Javier _eed. _926101 |
|
| 700 | 1 |
_aCruz Coke de Lagos, Marta _etr. _926102 |
|
| 049 | _aBNPD | ||
| 999 |
_c10551 _d10551 |
||